00528nam a2200205 a 4500001001300000003000900013005001700022008004100039020000900080082001500089100001800104245006100122260002500183300000900208500003500217505001000252650002400262650001800286700001800304nice12345678IN_TiNIC20260116012315.0050524s1985 dela grp 000 0 eng  ac1500a302.2bRIN aRinmawia, Lal aCredible Christian Communicationb an Indian Perspective aDelhi bISPCK c1985 a102p aincludes index and biblioraphy2 aindex aInterfaith Dialogue aCommunication1 aRinmawia, Lal